| 000 | 00725nam a22002537a 4500 | ||
|---|---|---|---|
| 001 | BR6003740 | ||
| 003 | BR-BrBNA | ||
| 005 | 20230928095618.0 | ||
| 007 | ta | ||
| 008 | 230509b bl.||||| |||| 00| 0 por d | ||
| 040 |
_aBR-BrBNA _bpor _cBiblioteca Nacional de Agricultura |
||
| 041 | _a(Por) | ||
| 072 | _aN10; E30 | ||
| 090 | _ N10 BR6003740 | ||
| 110 | 1 |
_aSecretaria de Obras e Servicos Publicos, Fortaleza, CE (Brasil) _99003 |
|
| 245 | 1 | _aPlano de eletrificacao rural do Estado do Ceara 1972/1974. Sumario | |
| 260 | 3 |
_aFortaleza, CE (Brasil): _c[nd]. |
|
| 300 | _a10 p. | ||
| 500 | _aSummary only | ||
| 650 | _aEletrificacao Rural | ||
| 650 | _aCeara | ||
| 909 |
_a202309 _bLucia _c55 _dLucia Elande |
||
| 942 | _cBK | ||
| 999 |
_c57621 _d57621 |
||